| 000 | 01677nam a2200493 i 4500 | ||
|---|---|---|---|
| 001 | 20399 | ||
| 003 | KOSZ 005 | ||
| 005 | 20221122145249.0 | ||
| 008 | 980908s1980 pl |000 0 polo | ||
| 015 | _aUWD 1980/5088 | ||
| 020 | _a8320400341 | ||
| 035 | _a991005482989705066 | ||
| 035 | _a(PL-WaBN)b11433280-48omnis_nlop | ||
| 035 | _ab11433280 | ||
| 035 | _a(OCoLC)830134917 | ||
| 035 | _a(PL)b0000001143328 | ||
| 035 | _a(EXLNZ-48OMNIS_NETWORK)9910037783305606 | ||
| 040 |
_aWA N _cWA N _dKOSZ 005/HR |
||
| 041 | 0 |
_apol _arus |
|
| 046 | _k1980 | ||
| 080 | _a62 | ||
| 080 | _a(038) | ||
| 245 | 0 | 0 |
_aWielki słownik techniczny rosyjsko-polski = _bBol'šoj russko-pol'skij politechničeskij slovar' / _czespół red. Maria Martin [et al. ; uzup. oprac. L. Andrejew]. |
| 250 | _aWyd. 6 popr. i uzup. | ||
| 260 |
_aWarszawa : _bWydawnictwa Naukowo-Techniczne, _c1980. |
||
| 300 |
_aXVI, 1151, [1] s. : _c25 cm. |
||
| 336 |
_aTekst _btxt _2rdacontent |
||
| 337 |
_aBez urządzenia pośredniczącego _bn _2rdamedia |
||
| 338 |
_aWolumin _bnc _2rdacarrier |
||
| 380 | _aKsiążki | ||
| 388 | _a1901-2000 | ||
| 388 | _a1945-1989 | ||
| 650 | 7 |
_aTechnika _2DBN |
|
| 650 | 7 | _aTerminologia | |
| 655 | 7 |
_aSłownik rosyjsko-polski _2DBN |
|
| 658 | _aInżynieria i technika | ||
| 658 | _aJęzykoznawstwo | ||
| 700 | 1 |
_aAndrejew, Leonid _d(1945-1980) _eOpracowanie |
|
| 700 | 1 |
_aMartin, Maria _eRedakcja |
|
| 710 | 2 |
_aWydawnictwa Naukowo-Techniczne _4pbl |
|
| 856 |
_uhttp://koha.tu.koszalin.pl/cgi-bin/koha/opac-detail.pl?biblionumber=20399 _yKatalog online BPK |
||
| 942 |
_2UKD _cKS |
||
| 999 |
_c20399 _d20399 |
||